000 00451nam a2200157Ia 4500
999 _c18581
_d18581
003 OSt
005 20200713124945.0
008 190216s9999||||xx |||||||||||||| ||und||
040 _coclc
082 _a954
_bRAO/S
100 _aRao, V N Hari
_93710
245 2 _aA Short History Of Indian Culture /
_cV N Hari Rao
260 _bRochouse and sons,
_aMadras:
_c1959.
300 _a303p
942 _cBK
_2ddc
_h954
_iRAO/S
_k954
_mRAO/S